000 02173cam a2200517 i 4500
001 xx004925730
003 NUKAT
005 20260430122047.0
008 200814s2020 pl a |000 0dpol c
020 _a9788380989443
_q(oprawa twarda) :
_czł 35,00
035 _a(OCoLC)1192548686
035 _a(NUKAT)xx004925730
040 _aKAT U/DL
_bpol
_erda
_cKAT U/DLs
_dKAT U/DL
_dWR O/KB
_dWA 14/MBs
_dOLSZT 008/bak
045 2 _bd1968
_bd1989
046 _k2020
_o20XX
_2edtf
100 1 _aSurdy, Grzegorz
_d(1962- ).
_eAutor
_941002
245 1 0 _aSolidarność Walcząca /
_cGrzegorz Surdy, Krzysztof Brożek.
260 _aWarszawa :
_bInstytut Pamięci Narodowej. Komisja Ścigania Zbrodni przeciwko Narodowi Polskiemu,
_c2020.
300 _a304 strony :
_bilustracje kolorowe ;
_c24 cm.
336 _aTekst
_btxt
_2rdacontent
337 _aBez urządzenia pośredniczącego
_bn
_2rdamedia
338 _aWolumin
_bnc
_2rdacarrier
380 _aKsiążki
380 _aLiteratura faktu, eseje, publicystyka
380 _aPublikacje popularnonaukowe
388 1 _a2001-
490 1 _aCentralny Projekt Badawczy IPN "Solidarność" i Opór Społeczny w PRL 1956-1989
536 _aCentralny Projekt Badawczy IPN, "Solidarność" i opór społeczny w PRL 1956-1989
610 2 7 _aSolidarność Walcząca
_2DBN
_939082
610 2 7 _aSolidarność Walcząca.
_2kaba
_941005
610 2 7 _aSolidarność Walcząca
_vrelacje osobiste.
_2kaba
_941004
648 7 _a1901-2000
_2DBN
_934996
648 7 _a1945-1989
_2DBN
_936043
650 7 _aOpozycja polityczna nielegalna
_2DBN
_936914
650 7 _aStan wojenny w Polsce (1981-1983)
_2DBN
_936916
651 7 _aPolska
_2DBN
_935076
655 7 _aAntologia
_2DBN
_934961
655 7 _aPamiętniki i wspomnienia
_2DBN
_935005
655 7 _aWywiad dziennikarski
_2DBN
_935092
658 _aHistoria
700 1 _aBrożek, Krzysztof.
_eAutor
_941003
710 2 _aInstytut Pamięci Narodowej - Komisja Ścigania Zbrodni przeciwko Narodowi Polskiemu.
_eWydawca
_4pbl
_911792
830 0 _a"Solidarność" i Opór Społeczny w PRL 1956-1989
_941001
920 _a978-83-8098-944-3 (oprawa twarda) : zł 35,00
942 _2ddc
_cBK_NM
999 _c27898
_d27898